000 00627nam a2200193Ia 4500
003 GCL
008 140319s9999 xx 000 0 eng d
040 _aGCL /
_cGCL
082 0 4 _a004.22
_bG A
100 1 _aCOODMAN,JAMES
245 1 0 _aA PROGAMMER'S VIEW OF COMPUTER ARCHITECTURE: WITH ASSEMBLY LANGUAGE EXAMPLES FROM THE M I P S R I S C ARCHITECTURE /
_cCOODMAN,JAMES
700 1 _aMILLER,KAREN
260 _a[S.N] :
_bHAROWT BRACE COLLEGE ،
_c1992
300 _a405 P
650 0 4 _aCOMPUTER ARCHITECTURE
650 0 4 _aCOMPUTER - PROGRAMMERS
650 0 4 _aASSEMBLER LANGUAGE (COMPUTER PROGRAME )
942 _2ddc
_cBK
999 _c16550
_d16550